Johannis Barclaji Paraenesis Ad Sectarios Romae Primum Edita, Seculi Proxime Superioris Anno XVII. Dein Cum prope intercidisset, ab interitu vindicata, ac denuo luci publica reditta.

Bibliographic Details
Main Authors: Barclajus, Joannes 1582-1621 (Author), Barclay, John, 1582-1621 (Author)
Corporate Author: Akademická tlačiareň (Trnava, Slovensko) (Printer)
Format: Book
Language:Latin
PhysicalDescription:[20] , 363 s., [1] s. 8° ; 16 x 10 cm
Published: Tyrnaviae Typis Academicis Societatis Jesu MDCCXLVIII [=1748]
Subjects:

MARC

LEADER 00000cam a2200000 a 4500
001 vtls001319435
003 SK-MaSNL
005 20260301005350.0
008 980205s1748 xo 0 lat
015 |a SNBHFA 
035 |a SNK000272029 
040 |a SNK  |b slo  |c SNK  |e AACR2 
041 0 |a lat 
044 |a xo  |c SK 
072 7 |a 2-1  |x Prirodzená teológia. Náboženská filozofia  |2 konspekt 
072 7 |a 2  |x Náboženstvo  |2 konspekt 
080 |a 2-1  |2 2011 
080 |a 21/29-1/-9  |2 2011 
100 1 |a Barclajus, Joannes  |d 1582-1621  |4 aut  |9 289569 
245 1 0 |a Johannis Barclaji Paraenesis Ad Sectarios  |b Romae Primum Edita, Seculi Proxime Superioris Anno XVII. Dein Cum prope intercidisset, ab interitu vindicata, ac denuo luci publica reditta. 
260 |a Tyrnaviae  |b Typis Academicis Societatis Jesu  |c MDCCXLVIII [=1748] 
300 |a [20] , 363 s., [1] s.  |c 8° ; 16 x 10 cm 
500 |a Titulná strana tlačená červeno a čierne, iniciály, vinety, vlys nad textom signovaný F., živé záhlavie, zložky, kustody 
510 4 |a Bibliogrfia 18. storočia  |c 744 
563 |a Pôvodná - lepenka, svetlohnedá koža, chrbát so zlát. ornam.-link. slepotlačou a s textom "Barclaji Paraenes Ad Haere" 
650 0 7 |a teológia  |2 SNKPH  |9 1814 
650 0 7 |a náboženská filozofia  |2 SNKPH  |9 3774 
700 0 |a Pavol  |b V.,  |c pápež,  |d 1552-1621  |4 dte  |9 157084 
700 1 |a Barclay, John,  |d 1582-1621  |4 aut  |9 289570 
710 2 |a Akademická tlačiareň (Trnava, Slovensko)  |4 prt  |9 232890 
752 |a Slovensko  |d Trnava 
852 |a snk  |p SD 3370 
958 |a ONDV 
958 |a DD 
999 |c 544982  |d 546912 
952 |t P60, <03>, [BOOK], {603}  |a SNK  |b SNK  |y PREZ  |7 0  |p 17A0099727  |o snkSD 3370  |0 0  |1 0  |4 0  |d 1998-02-05  |l 0  |r 2025-11-05 00:00:00  |w 2026-02-23 
952 |a SNK  |b SNK  |y VYP  |7 0  |p 17X01319435002  |o snkSD 3370 D1  |i snkKSF 5866/57  |8 5  |3 rekatalogizácia  |0 0  |1 0  |4 0  |d 2006-12-28  |l 0  |r 2026-02-23 12:52:08  |w 2026-02-23 
952 |a SNK  |b SNK  |y PREZ  |7 0  |p 17A1080919  |o snkSD 3370 D2  |i snk2013/18383  |8 3  |g 210.00  |0 0  |1 0  |4 0  |d 2013-08-07  |l 0  |r 2026-02-23 12:52:08  |w 2026-02-23